logo

Bir Sreshtho Munshi Abdur Rouf Library
Jhenaidah Cadet College

Teacher Development Making the Right Moves / (Record no. 5449)

MARC details
000 -LEADER
fixed length control field 00654nam a2200217 a 4500
001 - CONTROL NUMBER
JCCL Control Number 5449
003 - CONTROL NUMBER IDENTIFIER
JCCL marc code BD-JhCC
005 - DATE AND TIME OF LATEST TRANSACTION
control field 20180103175104.0
008 - FIXED-LENGTH DATA ELEMENTS--GENERAL INFORMATION
fixed length control field 171214s1994 e a|||| ||a| 000 0 eng d
035 ## - SYSTEM CONTROL NUMBER
system control number (BD-JhCC)
040 ## - CATALOGING SOURCE
Original cataloging agency BD-JhCC
Modifying agency BD-JhCC
041 ## - LANGUAGE CODE
Language code of Book eng
082 ## - DEWEY DECIMAL CLASSIFICATION NUMBER
Classification number 420.711
Author mark and Year KRA 1994
DDC Edition number 1994
100 ## - MAIN ENTRY--PERSONAL NAME
Personal name Kral, Thomas
245 ## - TITLE STATEMENT
Title Teacher Development Making the Right Moves /
Statement of responsibility, etc Thomas Kral
260 ## - PUBLICATION, DISTRIBUTION, ETC. (IMPRINT)
Place of publication, distribution, etc America :
Name of publisher, distributor, etc English Language Programs Division United States Information Agency /
Date of publication, distribution, etc 1994
300 ## - PHYSICAL DESCRIPTION
Pagination 278 p .:
Dimensions 22 cm .
650 ## - SUBJECT ADDED ENTRY--TOPICAL TERM
Topical term or geographic name as entry element English Language,Study and teaching , Foreign Spekers
942 ## - ADDED ENTRY ELEMENTS (KOHA)
Source of classification or shelving scheme Dewey Decimal Classification
Koha item type Books
Holdings
Source of classification or shelving scheme Damaged status Not for loan Home library Current library Shelving location Date of accession Total Checkouts Full call number Barcode Date last seen Copy number Koha item type
Dewey Decimal Classification     JCC Rouf Library JCC Rouf Library General Stacks 12/14/2017   420.711 KRA 1994 7464 12/14/2017 C - 1 Books

JCC Library | Contacts | JCC Home

Last Update on 23 September 2017
Copyright @ 2017-2020 JCC Rouf Library
Rouf Library, Jhenidah Cadet College (JCC), Bangladesh